| 000 | 00734nam a22002175i 4500 | ||
|---|---|---|---|
| 001 | 169234 | ||
| 003 | ES-MaACL | ||
| 005 | 20250911062843.0 | ||
| 008 | 080825s2007 sp |||| | spa d | ||
| 020 | _a978-84-7522-697-2 | ||
| 080 | _a821.134.2-14"19" | ||
| 100 | 1 |
_aBellessi, Diana. _9138316 |
|
| 245 | 1 | 3 |
_aLa voz en bandolera _b: antología poética / _cDiana Bellessi ; selección y prólogo de Erika Martínez Cabrera. |
| 260 |
_aMadrid : _bVisor Libros, _c[2007] |
||
| 300 |
_a173 p. ; _c20 cm. |
||
| 490 | 1 |
_aColección Visor de poesía ; _v660 |
|
| 700 | 1 |
_aMartínez Cabrera, Erika. _9138317 |
|
| 830 | 0 |
_aColección Visor de poesía _v660 _9177331 |
|
| 852 |
_aES-MaACL _jL-29689 _9R.143487 |
||
| 999 |
_c169234 _d169234 |
||